Ioannis Bisselii, e Societate Iesv, Icaria

Hlavní autor: Bissel, Johannes, 1601-1682
Další autoři: Windhag, Joachim von, 1600-1678
Jazyk: Latina
Vydáno: Ingolstadij : Formis typographicis, Gregorii Haenlini, 1637
Témata:
Externí odkaz: Titulní list
Fyzický popis: [24], 343, [17] s. ; 8°
Knihy
Uloženo v:
LEADER 01882nam a2200493 a 4500
001 mzk03001198315
003 CZ BrMZK
005 20180112092026.0
007 ta
008 140404s1637 gw a f |||| 0 lat d
040 |a BOA001  |b cze 
043 |a e-gx--- 
072 7 |a 91  |x Geografie jako věda. Výzkum. Cestování  |2 Konspekt  |9 7 
072 7 |a 094  |x Staré tisky  |2 Konspekt  |9 12 
080 |a 910.4  |2 MRF 
080 |a 025.171  |2 MRF 
080 |a (430.129)  |2 MRF 
080 |a (0.068)094  |2 MRF 
100 1 |a Bissel, Johannes,  |d 1601-1682  |7 xx0090743  |4 aut 
245 1 0 |a Ioannis Bisselii, e Societate Iesv, Icaria 
246 3 |a Icaria 
260 |a Ingolstadij :  |b Formis typographicis, Gregorii Haenlini,  |c 1637 
300 |a [24], 343, [17] s. ;  |c 8° 
500 |a Výzdoba: Mědirytinový titulní list, iniciály, viněty, verzálky, linky, v textu mědirytinová mapa 
500 |a Titulní list je tištěn majuskulou 
500 |a Impressum je umístěno na konci tisku 
561 |a Provenience: [m.p.] Augustinus Meisfseder me ...ossidet iusto titulo 
563 |a Pergamenová vazba, slepotiskové rámce, lepenkové desky, modrá ořízka 
650 7 |a cestování  |7 ph119114  |2 czenas 
650 7 |a historické knihovní fondy  |7 ph172933  |2 czenas 
651 7 |a Horní Falc (Německo)  |x dějiny  |7 ge129299  |2 czenas 
655 7 |a staré tisky  |7 fd422076  |2 czenas 
700 1 |a Windhag, Joachim von,  |d 1600-1678  |7 xx0193102  |4 dte 
856 4 1 |u https://imageserver.mzk.cz/mzk03/001/198/315/328100213220.titul.jp2  |y Titulní list 
903 |a RP 
910 |e BOE950  |c R - P. II. dd. 35 
978 |b Hänlin, Gregor  |a Ingolstadt  |c 1637 
981 1 |a Meisfseder, Augustin 
984 |a Ingolstadt  |b Německo 
985 |a 1601-1650 
990 |a BK 
996 |e BOE950  |c R - P. II. dd. 35 
991 |k rajhrad 
980 |c 213220  |g R - P. II. dd. 35  |1 328100213220  |p N: 7797